Dravidic studies : a collection of articles by Prof. M M Bhat (Record no. 199233)

MARC details
000 -LEADER
fixed length control field 00456nam a2200157Ia 4500
008 - FIXED-LENGTH DATA ELEMENTS--GENERAL INFORMATION
fixed length control field 231217s9999 xx 000 0 und d
041 ## - LANGUAGE CODE
Language code of text/sound track or separate title English
082 ## - DEWEY DECIMAL CLASSIFICATION NUMBER
Classification number 498.8 SHA;1 R
100 ## - MAIN ENTRY--PERSONAL NAME
Personal name Sharada Jayagovind. Artilaje, Srikrishna Bhat.
245 #0 - TITLE STATEMENT
Title Dravidic studies : a collection of articles by Prof. M M Bhat
250 ## - EDITION STATEMENT
Edition statement 1st ed.
260 ## - PUBLICATION, DISTRIBUTION, ETC.
Date of publication, distribution, etc. 2008
Name of publisher, distributor, etc. M & I Books
Place of publication, distribution, etc. Chennai
300 ## - PHYSICAL DESCRIPTION
Extent viii, 251
650 ## - SUBJECT ADDED ENTRY--TOPICAL TERM
Topical term or geographic name entry element Marketing,management
942 ## - ADDED ENTRY ELEMENTS (KOHA)
Koha item type Books
Holdings
Date last seen Total checkouts Full call number Accession number Price effective from Category Lost status Damaged status Department Withdrawn status Home library Current library Shelving location Entry date Grants Currency symbol Conversion rate Discount
26/01/2024   498.8 SHA;1 R 92947 26/01/2024 Books     Central Library   Central Library Central Library Central Library 20/11/2019 DONATED RS 1  

© For any Suggestions or Query, please contact the library staff @ librarian@pes.edu or Phone: +9180 2672 1983/ 2108.